[Event "Villarobledo Online Qualifyer"]
[Site "playchess.com #155672"]
[Date "2009.05.23"]
[Round "9"]
[White "Slavmonster"]
[Black "Spirliadis"]
[Result "1-0"]
[WhiteElo "2088"]
[BlackElo "1920"]
[PlyCount "131"]
[EventDate "2009.05.23"]
[EventType "swiss (blitz)"]

1. e4 {[%emt 0:00:00]} e6 {[%emt 0:00:01]} 2. d4 {[%emt 0:00:01]} d5 {[%emt 0:
00:00]} 3. Nc3 {[%emt 0:00:02]} Bb4 {[%emt 0:00:01]} 4. e5 {[%emt 0:00:01]} c5
{[%emt 0:00:01]} 5. a3 {[%emt 0:00:01]} Bxc3+ {[%emt 0:00:00]} 6. bxc3 {[%emt
0:00:00]} Nc6 {[%emt 0:00:01]} 7. Qg4 {[%emt 0:00:11]} Nge7 {[%emt 0:00:01]} 8.
Qxg7 {[%emt 0:00:04]} Rg8 {[%emt 0:00:00]} 9. Qxh7 {[%emt 0:00:01]} cxd4 {
[%emt 0:00:00]} 10. cxd4 {[%emt 0:00:06]} Nxd4 {[%emt 0:00:05]} 11. Bd2 {[%emt
0:00:19]} Qc7 {[%emt 0:00:02]} 12. Rc1 {[%emt 0:00:16]} Qxe5+ {[%emt 0:00:02]}
13. Kd1 {[%emt 0:00:04]} Bd7 {[%emt 0:00:18]} 14. Bc3 {[%emt 0:00:06]} Rc8 {
[%emt 0:00:18]} 15. Nf3 {[%emt 0:00:02]} Qf5 {[%emt 0:00:12]} 16. Qxf5 {[%emt
0:00:16]} Ndxf5 {[%emt 0:00:00]} 17. Be5 {[%emt 0:00:06]} Nc6 {[%emt 0:00:18]}
18. Bf6 {[%emt 0:00:08]} Rg6 {[%emt 0:00:04]} 19. Bb2 {[%emt 0:00:03]} Na5 {
[%emt 0:00:37]} 20. Ne5 {[%emt 0:00:05]} Rg8 {[%emt 0:00:07]} 21. h4 {[%emt 0:
00:20]} Ba4 {[%emt 0:00:05]} 22. h5 {[%emt 0:00:04]} Nh6 {[%emt 0:00:15]} 23.
Bd4 {[%emt 0:00:06]} f6 {[%emt 0:00:10]} 24. Ng6 {[%emt 0:00:05]} e5 {[%emt 0:
00:04]} 25. Bxa7 {[%emt 0:00:01]} Kf7 {[%emt 0:00:15]} 26. f3 {[%emt 0:00:11]}
Rc3 {[%emt 0:00:17]} 27. Be3 {[%emt 0:00:14]} Nf5 {[%emt 0:00:07]} 28. Bf2 {
[%emt 0:00:02]} Rgc8 {[%emt 0:00:06]} 29. Ke1 {[%emt 0:00:15]} Rxc2 {[%emt 0:
00:06]} 30. Rxc2 {[%emt 0:00:01]} Rxc2 {[%emt 0:00:00]} 31. g4 {[%emt 0:00:04]}
Rc1+ {[%emt 0:00:04]} 32. Kd2 {[%emt 0:00:01]} Rd1+ {[%emt 0:00:01]} 33. Ke2 {
[%emt 0:00:01]} Nd6 {[%emt 0:00:13]} 34. Bg3 {[%emt 0:00:05]} Nb5 {[%emt 0:00:
06]} 35. Bxe5 {[%emt 0:00:02]} fxe5 {[%emt 0:00:03]} 36. Nxe5+ {[%emt 0:00:00]}
Kg8 {[%emt 0:00:02]} 37. h6 {[%emt 0:00:01]} Nd4+ {[%emt 0:00:02]} 38. Kf2 {
[%emt 0:00:02]} Rd2+ {[%emt 0:00:02]} 39. Kg3 {[%emt 0:00:01]} Kh7 {[%emt 0:00:
04]} 40. g5 {[%emt 0:00:02]} Nf5+ {[%emt 0:00:01]} 41. Kf4 {[%emt 0:00:01]} Ne7
{[%emt 0:00:04]} 42. g6+ {[%emt 0:00:01]} Nxg6+ {[%emt 0:00:01]} 43. Nxg6 {
[%emt 0:00:00]} Kxg6 {[%emt 0:00:00]} 44. h7 {[%emt 0:00:01]} Rd4+ {[%emt 0:00:
10]} 45. Ke5 {[%emt 0:00:03]} Nc6+ {[%emt 0:00:02]} 46. Kd6 {[%emt 0:00:02]}
Nd8 {[%emt 0:00:02]} 47. Kc5 {[%emt 0:00:09] .} Rd1 {[%emt 0:00:01]} 48. h8=Q {
[%emt 0:00:01]} Ne6+ {[%emt 0:00:00]} 49. Kb4 {[%emt 0:00:02]} Rd4+ {[%emt 0:
00:02]} 50. Kc3 {[%emt 0:00:02]} Kf5 {[%emt 0:00:04]} 51. Bd3+ {[%emt 0:00:03]}
Kf4 {[%emt 0:00:01]} 52. Qf6+ {[%emt 0:00:04]} Ke3 {[%emt 0:00:01]} 53. Re1+ {
[%emt 0:00:02]} Kf2 {[%emt 0:00:01]} 54. Re2+ {[%emt 0:00:01]} Kf1 {[%emt 0:00:
01]} 55. Qxe6 {[%emt 0:00:01]} Rxd3+ {[%emt 0:00:01]} 56. Kxd3 {[%emt 0:00:01]}
Bb5+ {[%emt 0:00:00]} 57. Kd2 {[%emt 0:00:02]} Bxe2 {[%emt 0:00:00]} 58. Qxe2+
{[%emt 0:00:01]} Kg1 {[%emt 0:00:00]} 59. f4 {[%emt 0:00:01]} d4 {[%emt 0:00:
00]} 60. f5 {[%emt 0:00:02]} b5 {[%emt 0:00:00]} 61. Kd3 {[%emt 0:00:01]} b4 {
[%emt 0:00:00]} 62. axb4 {[%emt 0:00:02]} Kh1 {[%emt 0:00:01]} 63. Kxd4 {[%emt
0:00:01]} Kg1 {[%emt 0:00:01]} 64. Ke4 {[%emt 0:00:01]} Kh1 {[%emt 0:00:00]}
65. Kf3 {[%emt 0:00:00]} Kg1 {[%emt 0:00:24]} 66. Qg2# {[%emt 0:00:00]} 1-0

[Event "Villarobledo Online Qualifyer"]
[Site "playchess.com #155672"]
[Date "2009.05.23"]
[Round "9"]
[White "Promotionfou"]
[Black "Novoselski"]
[Result "0-1"]
[WhiteElo "2131"]
[BlackElo "2502"]
[PlyCount "128"]
[EventDate "2009.05.23"]
[EventType "swiss (blitz)"]

1. e4 {[%emt 0:00:02]} c5 {[%emt 0:00:02]} 2. Nc3 {[%emt 0:00:01]} Nc6 {[%emt
0:00:02]} 3. g3 {[%emt 0:00:00]} Rb8 {[%emt 0:00:01]} 4. Bg2 {[%emt 0:00:00]}
b5 {[%emt 0:00:01]} 5. d3 {[%emt 0:00:00]} b4 {[%emt 0:00:01]} 6. Nce2 {[%emt
0:00:01]} a5 {[%emt 0:00:03]} 7. f4 {[%emt 0:00:01]} g6 {[%emt 0:00:05]} 8. Nf3
{[%emt 0:00:01]} Bg7 {[%emt 0:00:01]} 9. O-O {[%emt 0:00:01]} a4 {[%emt 0:00:
01]} 10. Rb1 {[%emt 0:00:02]} e6 {[%emt 0:00:05]} 11. Be3 {[%emt 0:00:01]} d6 {
[%emt 0:00:03]} 12. c3 {[%emt 0:00:03]} Qa5 {[%emt 0:00:06]} 13. Qd2 {[%emt 0:
00:08]} Nge7 {[%emt 0:00:09]} 14. d4 {[%emt 0:00:01]} O-O {[%emt 0:00:08]} 15.
e5 {[%emt 0:00:08]} dxe5 {[%emt 0:00:05]} 16. dxe5 {[%emt 0:00:03]} Nd5 {[%emt
0:00:03]} 17. Bf2 {[%emt 0:00:01]} Ba6 {[%emt 0:00:04]} 18. cxb4 {[%emt 0:00:
05]} cxb4 {[%emt 0:00:03]} 19. Rfc1 {[%emt 0:00:01]} Rfc8 {[%emt 0:00:09]} 20.
Ned4 {[%emt 0:00:01]} Nxd4 {[%emt 0:00:06]} 21. Nxd4 {[%emt 0:00:01]} Bb7 {
[%emt 0:00:16]} 22. Rxc8+ {[%emt 0:00:04]} Rxc8 {[%emt 0:00:02]} 23. Rc1 {
[%emt 0:00:00]} Bf8 {[%emt 0:00:09]} 24. Rxc8 {[%emt 0:00:02]} Bxc8 {[%emt 0:
00:00]} 25. Nc6 {[%emt 0:00:13]} Qc7 {[%emt 0:00:16]} 26. Bxd5 {[%emt 0:00:30]}
exd5 {[%emt 0:00:02]} 27. Qxd5 {[%emt 0:00:01]} Bb7 {[%emt 0:00:06]} 28. e6 {
[%emt 0:00:30]} Bxc6 {[%emt 0:00:33]} 29. exf7+ {[%emt 0:00:03]} Qxf7 {[%emt 0:
00:02]} 30. Qxc6 {[%emt 0:00:01]} Qxa2 {[%emt 0:00:02]} 31. Bd4 {[%emt 0:00:29]
} a3 {[%emt 0:00:11]} 32. Qf6 {[%emt 0:00:37]} Qb1+ {[%emt 0:00:02]} 33. Kf2 {
[%emt 0:00:21]} Qc2+ {[%emt 0:00:02]} 34. Ke3 {[%emt 0:00:15]} Qc1+ {[%emt 0:
00:11]} 35. Ke4 {[%emt 0:00:05]} Qb1+ {[%emt 0:00:06]} 36. Kd5 {[%emt 0:00:11]}
Qh1+ {[%emt 0:00:21] '} 37. Kc4 {[%emt 0:00:08]} Qf1+ {[%emt 0:00:16]} 38. Kb3
{[%emt 0:00:01]} Qd3+ {[%emt 0:00:06]} 39. Ka4 {[%emt 0:00:05]} Qc2+ {[%emt 0:
00:10]} 40. b3 {[%emt 0:00:01]} Qf5 {[%emt 0:00:03]} 41. Qh8+ {[%emt 0:00:01]}
Kf7 {[%emt 0:00:01]} 42. Qxh7+ {[%emt 0:00:00]} Ke8 {[%emt 0:00:00]} 43. Qa7 {
[%emt 0:00:01]} Qd7+ {[%emt 0:00:01]} 44. Qxd7+ {[%emt 0:00:01]} Kxd7 {[%emt 0:
00:00]} 45. Kb5 {[%emt 0:00:01]} Ke6 {[%emt 0:00:01]} 46. Kc4 {[%emt 0:00:01]}
Kf5 {[%emt 0:00:01]} 47. Ba1 {[%emt 0:00:01]} Ke4 {[%emt 0:00:01]} 48. h4 {
[%emt 0:00:01]} Kf3 {[%emt 0:00:01]} 49. f5 {[%emt 0:00:04]} gxf5 {[%emt 0:00:
01]} 50. h5 {[%emt 0:00:01]} Kxg3 {[%emt 0:00:01]} 51. Kd5 {[%emt 0:00:01]} f4
{[%emt 0:00:01]} 52. Be5 {[%emt 0:00:03]} Kg4 {[%emt 0:00:02]} 53. h6 {[%emt 0:
00:06]} Bxh6 {[%emt 0:00:02]} 54. Kc5 {[%emt 0:00:01]} Bf8+ {[%emt 0:00:03]}
55. Kd4 {[%emt 0:00:01]} f3 {[%emt 0:00:01]} 56. Ke3 {[%emt 0:00:00]} Bc5+ {
[%emt 0:00:03]} 57. Kd3 {[%emt 0:00:03]} f2 {[%emt 0:00:03]} 58. Ke2 {[%emt 0:
00:01]} Kf5 {[%emt 0:00:01]} 59. Bh8 {[%emt 0:00:01]} Ke4 {[%emt 0:00:01]} 60.
Ba1 {[%emt 0:00:09]} Bd4 {[%emt 0:00:01]} 61. Bxd4 {[%emt 0:00:01]} Kxd4 {
[%emt 0:00:01]} 62. Kxf2 {[%emt 0:00:00]} a2 {[%emt 0:00:00]} 63. Ke2 {[%emt 0:
00:00]} a1=Q {[%emt 0:00:00]} 64. Kd2 {[%emt 0:00:00]} Qb2+ {[%emt 0:00:01]
Promotionfou abandonne} 0-1

[Event "Villarobledo Online Qualifyer"]
[Site "playchess.com #155672"]
[Date "2009.05.23"]
[Round "9"]
[White "Clocktower"]
[Black "GMsKoRPioN"]
[Result "1/2-1/2"]
[WhiteElo "2070"]
[BlackElo "2507"]
[PlyCount "141"]
[EventDate "2009.05.23"]
[EventType "swiss (blitz)"]

1. e4 {[%emt 0:00:01]} d6 {[%emt 0:00:02]} 2. d4 {[%emt 0:00:03]} g6 {[%emt 0:
00:01]} 3. Nc3 {[%emt 0:00:01]} Bg7 {[%emt 0:00:01]} 4. Be3 {[%emt 0:00:01]} a6
{[%emt 0:00:01]} 5. Qd2 {[%emt 0:00:10]} Nd7 {[%emt 0:00:01]} 6. O-O-O {[%emt
0:00:02]} b5 {[%emt 0:00:01]} 7. Kb1 {[%emt 0:00:02]} Bb7 {[%emt 0:00:01]} 8.
f3 {[%emt 0:00:03]} Rc8 {[%emt 0:00:01]} 9. g4 {[%emt 0:00:07]} c5 {[%emt 0:00:
02]} 10. dxc5 {[%emt 0:00:02]} Nxc5 {[%emt 0:00:01]} 11. Nd5 {[%emt 0:00:12]}
Bxd5 {[%emt 0:00:17]} 12. exd5 {[%emt 0:00:06]} Nf6 {[%emt 0:00:09]} 13. Bd4 {
[%emt 0:00:05]} O-O {[%emt 0:00:29]} 14. h4 {[%emt 0:00:07]} e5 {[%emt 0:00:05]
} 15. dxe6 {[%emt 0:00:02]} Nxe6 {[%emt 0:00:01]} 16. Bc3 {[%emt 0:00:15]} Rxc3
{[%emt 0:00:02]} 17. Qxc3 {[%emt 0:00:06]} Nxg4 {[%emt 0:00:04]} 18. Qd2 {
[%emt 0:00:06] Clocktower bietet Remis} Nf6 {[%emt 0:00:12]} 19. Bh3 {[%emt 0:
00:14]} Nc5 {[%emt 0:00:04]} 20. Qxd6 {[%emt 0:00:04]} Qxd6 {[%emt 0:00:09]}
21. Rxd6 {[%emt 0:00:00]} Nh5 {[%emt 0:00:02]} 22. Ne2 {[%emt 0:00:16]} Na4 {
[%emt 0:00:01]} 23. c3 {[%emt 0:00:22]} Re8 {[%emt 0:00:02]} 24. Nd4 {[%emt 0:
00:03]} a5 {[%emt 0:00:17]} 25. Nxb5 {[%emt 0:00:07]} Re2 {[%emt 0:00:06]} 26.
Rd8+ {[%emt 0:00:24]} Bf8 {[%emt 0:00:01]} 27. b3 {[%emt 0:00:08]} Nc5 {[%emt
0:00:12]} 28. Rhd1 {[%emt 0:00:07]} Kg7 {[%emt 0:00:02]} 29. R1d2 {[%emt 0:00:
09]} Re3 {[%emt 0:00:03]} 30. Bg4 {[%emt 0:00:01]} Nf4 {[%emt 0:00:08]} 31.
R8d4 {[%emt 0:00:01]} Nfe6 {[%emt 0:00:04]} 32. Rc4 {[%emt 0:00:07]} h5 {[%emt
0:00:05]} 33. Bxe6 {[%emt 0:00:01]} Nxe6 {[%emt 0:00:00]} 34. Re4 {[%emt 0:00:
03]} Rxf3 {[%emt 0:00:01]} 35. Nd4 {[%emt 0:00:06]} Rf1+ {[%emt 0:00:11]} 36.
Kc2 {[%emt 0:00:01]} Nf4 {[%emt 0:00:06]} 37. Ne2 {[%emt 0:00:07]} Ng2 {[%emt
0:00:05]} 38. Ng3 {[%emt 0:00:01]} Rg1 {[%emt 0:00:05]} 39. Ne2 {[%emt 0:00:06]
} Rf1 {[%emt 0:00:05]} 40. Ng3 {[%emt 0:00:02]} Ra1 {[%emt 0:00:08]} 41. Kb2 {
[%emt 0:00:02]} Rg1 {[%emt 0:00:01]} 42. Kc2 {[%emt 0:00:01]} Ba3 {[%emt 0:00:
04]} 43. Ra4 {[%emt 0:00:07]} Ne1+ {[%emt 0:00:09]} 44. Kd1 {[%emt 0:00:08]}
Nf3+ {[%emt 0:00:01]} 45. Ke2 {[%emt 0:00:04]} Nxd2 {[%emt 0:00:01]} 46. Kxd2 {
[%emt 0:00:00]} Bc1+ {[%emt 0:00:02]} 47. Kc2 {[%emt 0:00:01]} Rxg3 {[%emt 0:
00:13] '} 48. Kxc1 {[%emt 0:00:01]} Rxc3+ {[%emt 0:00:01]} 49. Kd2 {[%emt 0:00:
01]} Rh3 {[%emt 0:00:01]} 50. Ke2 {[%emt 0:00:02]} f5 {[%emt 0:00:02]} 51. Kf2
{[%emt 0:00:01]} Rh2+ {[%emt 0:00:04]} 52. Kg3 {[%emt 0:00:01]} Rd2 {[%emt 0:
00:02]} 53. Rxa5 {[%emt 0:00:01]} Rd3+ {[%emt 0:00:02]} 54. Kg2 {[%emt 0:00:04]
} Kf6 {[%emt 0:00:02]} 55. b4 {[%emt 0:00:01]} Rd2+ {[%emt 0:00:02]} 56. Kg3 {
[%emt 0:00:01]} Rd3+ {[%emt 0:00:01]} 57. Kg2 {[%emt 0:00:01]} f4 {[%emt 0:00:
01]} 58. b5 {[%emt 0:00:03]} Kf5 {[%emt 0:00:04]} 59. b6+ {[%emt 0:00:00]} Kg4
{[%emt 0:00:01]} 60. Rg5+ {[%emt 0:00:01]} Kxh4 {[%emt 0:00:01]} 61. Rxg6 {
[%emt 0:00:02]} Rd2+ {[%emt 0:00:05]} 62. Kf3 {[%emt 0:00:01]} Rxa2 {[%emt 0:
00:01]} 63. Kxf4 {[%emt 0:00:03]} Rb2 {[%emt 0:00:03]} 64. Ke5 {[%emt 0:00:08]}
Kh3 {[%emt 0:00:03]} 65. Kd5 {[%emt 0:00:02]} h4 {[%emt 0:00:01]} 66. Kc6 {
[%emt 0:00:02]} Kh2 {[%emt 0:00:03]} 67. b7 {[%emt 0:00:01]} h3 {[%emt 0:00:02]
} 68. Kc7 {[%emt 0:00:01]} Kh1 {[%emt 0:00:05]} 69. b8=Q {[%emt 0:00:01]} Rxb8
{[%emt 0:00:01]} 70. Kxb8 {[%emt 0:00:00]} h2 {[%emt 0:00:00]} 71. Rg4 {[%emt
0:00:02]} 1/2-1/2

[Event "Villarobledo Online Qualifyer"]
[Site "playchess.com #155672"]
[Date "2009.05.23"]
[Round "9"]
[White "Manza"]
[Black "Fotros"]
[Result "0-1"]
[WhiteElo "1553"]
[BlackElo "1787"]
[PlyCount "144"]
[EventDate "2009.05.23"]
[EventType "swiss (blitz)"]

1. e4 {[%emt 0:00:04]} c5 {[%emt 0:00:02]} 2. Nf3 {[%emt 0:00:01]} e6 {[%emt 0:
00:01]} 3. d4 {[%emt 0:00:02]} cxd4 {[%emt 0:00:01]} 4. Nxd4 {[%emt 0:00:01]}
a6 {[%emt 0:00:02]} 5. Nc3 {[%emt 0:00:10]} b5 {[%emt 0:00:04]} 6. a3 {[%emt 0:
00:20]} Bb7 {[%emt 0:00:02]} 7. Be2 {[%emt 0:00:06]} Qc7 {[%emt 0:00:11]} 8.
O-O {[%emt 0:00:14]} Nf6 {[%emt 0:00:02]} 9. Bd3 {[%emt 0:00:20]} Be7 {[%emt 0:
00:31]} 10. Bg5 {[%emt 0:00:17]} d6 {[%emt 0:00:03]} 11. f4 {[%emt 0:00:16]}
Nbd7 {[%emt 0:00:07]} 12. Kh1 {[%emt 0:00:29]} Qb6 {[%emt 0:00:12]} 13. Nb3 {
[%emt 0:00:10]} O-O {[%emt 0:00:26]} 14. Qf3 {[%emt 0:00:32]} d5 {[%emt 0:00:
21]} 15. f5 {[%emt 0:00:09]} Ne5 {[%emt 0:00:21]} 16. Be3 {[%emt 0:00:08]} Qd8
{[%emt 0:00:32] '} 17. Qf4 {[%emt 0:00:01]} Bd6 {[%emt 0:00:08]} 18. Qf2 {
[%emt 0:00:09]} dxe4 {[%emt 0:00:04]} 19. Be2 {[%emt 0:00:06]} Neg4 {[%emt 0:
00:02]} 20. Bxg4 {[%emt 0:00:02]} Nxg4 {[%emt 0:00:01]} 21. Qe2 {[%emt 0:00:00]
} Nxe3 {[%emt 0:00:01]} 22. Qxe3 {[%emt 0:00:01]} exf5 {[%emt 0:00:02]} 23.
Rad1 {[%emt 0:00:01]} Qc7 {[%emt 0:00:04]} 24. h3 {[%emt 0:00:02]} f4 {[%emt 0:
00:02]} 25. Qd4 {[%emt 0:00:01]} Rad8 {[%emt 0:00:06]} 26. Nxe4 {[%emt 0:00:01]
} Be5 {[%emt 0:00:06]} 27. Qc5 {[%emt 0:00:02]} Qxc5 {[%emt 0:00:12]} 28. Nexc5
{[%emt 0:00:01]} Bc6 {[%emt 0:00:04]} 29. Rde1 {[%emt 0:00:03]} Bxb2 {[%emt 0:
00:02]} 30. Nxa6 {[%emt 0:00:02]} Bxa3 {[%emt 0:00:02]} 31. Nac5 {[%emt 0:00:
05]} Rfe8 {[%emt 0:00:04]} 32. Rxe8+ {[%emt 0:00:04]} Rxe8 {[%emt 0:00:01]} 33.
Rxf4 {[%emt 0:00:01]} g6 {[%emt 0:00:01]} 34. Rf3 {[%emt 0:00:01]} Re1+ {[%emt
0:00:01]} 35. Kh2 {[%emt 0:00:01]} Bb2 {[%emt 0:00:01]} 36. g3 {[%emt 0:00:01]}
Be5 {[%emt 0:00:02]} 37. Nd3 {[%emt 0:00:01]} Re2+ {[%emt 0:00:02]} 38. Rf2 {
[%emt 0:00:01]} Rxf2+ {[%emt 0:00:01]} 39. Nxf2 {[%emt 0:00:01]} Bd5 {[%emt 0:
00:03]} 40. Nd3 {[%emt 0:00:01]} Bd6 {[%emt 0:00:02]} 41. Nd2 {[%emt 0:00:02]}
Kf8 {[%emt 0:00:02]} 42. h4 {[%emt 0:00:04]} Ke7 {[%emt 0:00:02]} 43. Nf2 {
[%emt 0:00:02]} Bb4 {[%emt 0:00:03]} 44. Nb3 {[%emt 0:00:02]} Kd6 {[%emt 0:00:
03]} 45. Nd3 {[%emt 0:00:02]} Bc3 {[%emt 0:00:03]} 46. Nf4 {[%emt 0:00:05]} Be4
{[%emt 0:00:01]} 47. Ne2 {[%emt 0:00:06]} Be1 {[%emt 0:00:02]} 48. Nbd4 {[%emt
0:00:02]} Kc5 {[%emt 0:00:04]} 49. c3 {[%emt 0:00:00]} b4 {[%emt 0:00:01]} 50.
Nf3 {[%emt 0:00:01]} Bxf3 {[%emt 0:00:01]} 51. cxb4+ {[%emt 0:00:02]} Bxb4 {
[%emt 0:00:02]} 52. Nf4 {[%emt 0:00:01]} Bd2 {[%emt 0:00:02]} 53. Ng2 {[%emt 0:
00:03]} Bxg2 {[%emt 0:00:01]} 54. Kxg2 {[%emt 0:00:00]} Kd5 {[%emt 0:00:00]}
55. Kf3 {[%emt 0:00:01]} Ke5 {[%emt 0:00:01]} 56. Kg4 {[%emt 0:00:01]} f5+ {
[%emt 0:00:03]} 57. Kf3 {[%emt 0:00:01]} h5 {[%emt 0:00:03]} 58. Kg2 {[%emt 0:
00:03]} Ke4 {[%emt 0:00:01]} 59. Kh3 {[%emt 0:00:01]} Kf3 {[%emt 0:00:01]} 60.
Kh2 {[%emt 0:00:03]} Kg4 {[%emt 0:00:01]} 61. Kg2 {[%emt 0:00:01]} Be3 {[%emt
0:00:04]} 62. Kh2 {[%emt 0:00:02]} f4 {[%emt 0:00:04]} 63. gxf4 {[%emt 0:00:04]
} Kxh4 {[%emt 0:00:01]} 64. f5 {[%emt 0:00:03]} g5 {[%emt 0:00:03]} 65. f6 {
[%emt 0:00:01]} Bc5 {[%emt 0:00:01]} 66. Kg2 {[%emt 0:00:02]} Kg4 {[%emt 0:00:
01]} 67. f7 {[%emt 0:00:01]} Kf5 {[%emt 0:00:02]} 68. Kf3 {[%emt 0:00:01]} Kf6
{[%emt 0:00:02]} 69. Ke4 {[%emt 0:00:03]} Kxf7 {[%emt 0:00:01]} 70. Kf5 {[%emt
0:00:01]} Be3 {[%emt 0:00:02]} 71. Ke5 {[%emt 0:00:02]} Bc1 {[%emt 0:00:02]}
72. Kf5 {[%emt 0:00:02]} Kg7 {[%emt 0:00:02] Manza rinde} 0-1

[Event "Villarobledo Online Qualifyer"]
[Site "playchess.com #155672"]
[Date "2009.05.23"]
[Round "9"]
[White "Tomik Trhal"]
[Black "Àíòîíîâ"]
[Result "1-0"]
[WhiteElo "2170"]
[BlackElo "1911"]
[PlyCount "153"]
[EventDate "2009.05.23"]
[EventType "swiss (blitz)"]

1. e4 {[%emt 0:00:02]} Nf6 {[%emt 0:00:02]} 2. Nc3 {[%emt 0:00:02]} d6 {[%emt
0:00:02]} 3. d4 {[%emt 0:00:03]} g6 {[%emt 0:00:01]} 4. Bg5 {[%emt 0:00:11]}
Bg7 {[%emt 0:00:01]} 5. Nf3 {[%emt 0:00:16]} c6 {[%emt 0:00:16]} 6. Qd2 {[%emt
0:00:06]} h6 {[%emt 0:00:01]} 7. Bf4 {[%emt 0:00:04]} b5 {[%emt 0:00:03]} 8. a3
{[%emt 0:00:02]} Bg4 {[%emt 0:00:10]} 9. Be2 {[%emt 0:00:03]} g5 {[%emt 0:00:
03]} 10. Be3 {[%emt 0:00:06]} a6 {[%emt 0:00:17]} 11. h3 {[%emt 0:00:06]} Be6 {
[%emt 0:00:06]} 12. O-O-O {[%emt 0:00:12]} Nbd7 {[%emt 0:00:05]} 13. e5 {[%emt
0:00:04]} Nd5 {[%emt 0:00:06]} 14. Nxd5 {[%emt 0:00:05]} Bxd5 {[%emt 0:00:02]}
15. exd6 {[%emt 0:00:01]} exd6 {[%emt 0:00:02]} 16. Rhe1 {[%emt 0:00:04]} O-O {
[%emt 0:00:06]} 17. Bd3 {[%emt 0:00:42]} Nb6 {[%emt 0:00:08]} 18. Kb1 {[%emt 0:
00:06]} Nc4 {[%emt 0:00:02]} 19. Bxc4 {[%emt 0:00:01]} Bxc4 {[%emt 0:00:02]}
20. c3 {[%emt 0:00:01]} a5 {[%emt 0:00:07]} 21. h4 {[%emt 0:00:07]} g4 {[%emt
0:00:05]} 22. Nh2 {[%emt 0:00:02]} h5 {[%emt 0:00:02]} 23. Bg5 {[%emt 0:00:01]}
f6 {[%emt 0:00:01]} 24. Bf4 {[%emt 0:00:02]} b4 {[%emt 0:00:10]} 25. axb4 {
[%emt 0:00:05]} axb4 {[%emt 0:00:01]} 26. Bh6 {[%emt 0:00:06]} Qd7 {[%emt 0:00:
11]} 27. Bxg7 {[%emt 0:00:01]} Kxg7 {[%emt 0:00:34]} 28. cxb4 {[%emt 0:00:04]}
Bb3 {[%emt 0:00:08]} 29. Qc3 {[%emt 0:00:32]} Bxd1 {[%emt 0:00:01]} 30. Rxd1 {
[%emt 0:00:00]} d5 {[%emt 0:00:09]} 31. Nf1 {[%emt 0:00:04]} Qf5+ {[%emt 0:00:
06]} 32. Qc2 {[%emt 0:00:08]} Qxc2+ {[%emt 0:00:12]} 33. Kxc2 {[%emt 0:00:01]}
Rab8 {[%emt 0:00:01]} 34. Kc3 {[%emt 0:00:01]} Rb5 {[%emt 0:00:07]} 35. Ng3 {
[%emt 0:00:03]} Kg6 {[%emt 0:00:01]} 36. Ra1 {[%emt 0:00:09]} Rfb8 {[%emt 0:00:
03]} 37. Ra4 {[%emt 0:00:01]} f5 {[%emt 0:00:01]} 38. Ne2 {[%emt 0:00:01]} R5b6
{[%emt 0:00:07]} 39. Nf4+ {[%emt 0:00:01]} Kf6 {[%emt 0:00:02]} 40. Nxh5+ {
[%emt 0:00:01]} Kf7 {[%emt 0:00:03]} 41. Nf4 {[%emt 0:00:06]} R8b7 {[%emt 0:00:
01]} 42. h5 {[%emt 0:00:01]} Kf6 {[%emt 0:00:01]} 43. g3 {[%emt 0:00:02]} Re7 {
[%emt 0:00:03]} 44. Ra8 {[%emt 0:00:05]} Reb7 {[%emt 0:00:01]} 45. h6 {[%emt 0:
00:07]} Rxb4 {[%emt 0:00:03]} 46. Rf8+ {[%emt 0:00:02]} Ke7 {[%emt 0:00:02]}
47. h7 {[%emt 0:00:08]} Rb3+ {[%emt 0:00:05]} 48. Kd2 {[%emt 0:00:03]} Rxb2+ {
[%emt 0:00:01]} 49. Ke1 {[%emt 0:00:04]} Kxf8 {[%emt 0:00:11]} 50. h8=Q+ {
[%emt 0:00:02]} Ke7 {[%emt 0:00:01]} 51. Qe5+ {[%emt 0:00:04]} Kd7 {[%emt 0:00:
01]} 52. Qxf5+ {[%emt 0:00:01]} Kc7 {[%emt 0:00:01]} 53. Qe5+ {[%emt 0:00:01]}
Kb6 {[%emt 0:00:01]} 54. Kf1 {[%emt 0:00:01]} Kb5 {[%emt 0:00:05]} 55. Kg2 {
[%emt 0:00:02]} Kc4 {[%emt 0:00:01]} 56. Qg5 {[%emt 0:00:05]} Rd2 {[%emt 0:00:
03]} 57. Ne6 {[%emt 0:00:02]} Rbb2 {[%emt 0:00:03]} 58. Qf4 {[%emt 0:00:03]}
Kb5 {[%emt 0:00:17] '} 59. Qxg4 {[%emt 0:00:04]} Kc4 {[%emt 0:00:01]} 60. Qf4 {
[%emt 0:00:03]} Kb5 {[%emt 0:00:01]} 61. Nc7+ {[%emt 0:00:01]} Kb6 {[%emt 0:00:
01]} 62. Ne6 {[%emt 0:00:01]} Kb5 {[%emt 0:00:01]} 63. Qe3 {[%emt 0:00:01]} Re2
{[%emt 0:00:02]} 64. Qd3+ {[%emt 0:00:02]} Kb6 {[%emt 0:00:01]} 65. Qf3 {[%emt
0:00:02]} Kb5 {[%emt 0:00:02]} 66. Nc5 {[%emt 0:00:01]} Kc4 {[%emt 0:00:01]}
67. Ne6 {[%emt 0:00:01]} Kb5 {[%emt 0:00:01]} 68. Qf8 {[%emt 0:00:02]} Kc4 {
[%emt 0:00:01]} 69. Qc5+ {[%emt 0:00:01]} Kb3 {[%emt 0:00:02]} 70. Qb6+ {[%emt
0:00:02]} Ka2 {[%emt 0:00:01]} 71. Qa5+ {[%emt 0:00:01]} Kb1 {[%emt 0:00:01]}
72. Kh3 {[%emt 0:00:05]} Rxf2 {[%emt 0:00:01]} 73. Kg4 {[%emt 0:00:01]} Rfe2 {
[%emt 0:00:02]} 74. Nc5 {[%emt 0:00:01]} Rb5 {[%emt 0:00:03]} 75. Qa3 {[%emt 0:
00:02]} Rbb2 {[%emt 0:00:01]} 76. Qd3+ {[%emt 0:00:01]} Kc1 {[%emt 0:00:02]}
77. Nb3+ {[%emt 0:00:01] Time} 1-0